Cities that Lebanon has Embassies With - Statistics

General Stats
  • This quiz has been taken 146 times
  • The average score is 43 of 89
Answer Stats
City % Correct
Paris
85%
Paris
85%
Cairo
78%
Cairo
78%
Madrid
74%
London
73%
Moscow
73%
Rome
72%
Rome
72%
Baghdad
70%
Berlin
70%
Damascus
70%
Tehran
70%
Beijing
67%
Riyadh
67%
Washington DC
67%
Tokyo
66%
Tunis
65%
Ottawa
64%
Algiers
63%
Ankara
63%
Brasilia
63%
Rabat
63%
New York
61%
New York
61%
Abu Dhabi
60%
Amman
60%
Doha
60%
Athens
59%
Brussels
59%
Brussels
59%
Buenos Aires
58%
Dubai
58%
Istanbul
58%
Mexico City
58%
Tripoli
58%
New Delhi
57%
Kuwait City
56%
Canberra
55%
Stockholm
55%
Muscat
52%
Sydney
52%
Sana'a
51%
Los Angeles
49%
Manama
49%
Vienna
49%
Kiev
48%
Seoul
48%
Bern
46%
Bogota
46%
Budapest
46%
Caracas
46%
Jeddah
44%
Rio de Janeiro
44%
Warsaw
44%
Bucharest
43%
Melbourne
42%
Montreal
42%
Jakarta
41%
Prague
41%
Sao Paulo
39%
Santiago
37%
Havana
36%
Sofia
35%
Lagos
34%
Nicosia
34%
Kinshasa
33%
Khartoum
32%
Kuala Lumpur
32%
Yerevan
32%
Belgrade
31%
Pretoria
29%
Geneva
28%
Abuja
27%
Alexandria
27%
Montevideo
27%
Milan
26%
Dakar
25%
The Hague
24%
Accra
23%
Marseille
23%
Detroit
20%
Astana
18%
Abidjan
16%
Asuncion
15%
Monrovia
7%
Libreville
6%
Freetown
5%
Conakry
3%
No matching quizzes found
Score Distribution
Percent of People with Each Score
Percentile by Number Answered
Your Score History
You have not taken this quiz